Countries, Seas, and Oceans bordering the Horn of Africa - Statistics

General Stats
  • This quiz has been taken 51 times
    41 since last reset
  • The average score is 6 of 8
Answer Stats
Hint Answer % Correct
Ocean Indian
97%
Sea Red Sea
90%
Very, very close to Djibouti (Middle East) Yemen
76%
Eritrea, Ethiopia Sudan
72%
Sea Arabian Sea
69%
Ethiopia South Sudan
69%
Gulf Gulf of Aden
66%
Ethiopia, Somalia Kenya
66%
No matching quizzes found
Score Distribution
Percent of People with Each Score
Percentile by Number Answered
Your Score History
You have not taken this quiz since the last reset